Návrat domů. III., Hrdina /
Další pokračování fantasy románu z Temných říší.
Uloženo v:
| Série: | Forgotten Realms - Návrat domů,
část 3 |
|---|---|
| Hlavní autor: | |
| Další autoři: | |
| Médium: | E-kniha |
| Jazyk: | Czech |
| Vydáno: |
Ostrava :
Fantom Print,
2021
|
| Vydání: | 1. vydání |
| Edice: | Dungeons & Dragons (Fantom Print)
Forgotten realms (Fantom Print) |
| Témata: | |
| Příbuzné jednotky: | Z cyklu::
Forgotten Realms - Návrat domů |
| Tagy: |
Žádné tagy |
| LEADER | 02615nam a2200505 i 4500 | ||
|---|---|---|---|
| 001 | 311362 | ||
| 003 | CZ PrSKC | ||
| 005 | 20260601215704.0 | ||
| 007 | ta | ||
| 008 | 210713s2021 xr g 000 f cze | ||
| 015 | |a cnb003343131 | ||
| 020 | |a 9788075940841 |q (brožováno) | ||
| 035 | |a (OCoLC)1284974721 | ||
| 040 | |a ABG001 |b cze |d ABA001 |e rda | ||
| 041 | 1 | |a cze |h eng | |
| 072 | 7 | |a 821.111(73)-3 |x Americká próza |2 Konspekt | |
| 080 | |a 821.111(73)-31 |2 MRF | ||
| 080 | |a (0:82-312.9) |2 MRF | ||
| 100 | 1 | |a Salvatore, R. A., |d 1959- |7 xx0000875 |4 aut | |
| 240 | 1 | 0 | |a Hero. |l Česky |
| 245 | 1 | 0 | |a Návrat domů. |n III., |p Hrdina / |c R.A. Salvatore ; překlad Kateřina Niklová |
| 246 | 3 | 0 | |a Hrdina |
| 250 | |a 1. vydání | ||
| 264 | 1 | |a Ostrava : |b Fantom Print, |c 2021 | |
| 300 | |a 367 stran ; |c 21 cm | ||
| 336 | |a text |b txt |2 rdacontent | ||
| 337 | |a bez média |b n |2 rdamedia | ||
| 338 | |a svazek |b nc |2 rdacarrier | ||
| 490 | 1 | |a Dungeons & Dragons | |
| 490 | 1 | |a Forgotten realms | |
| 500 | |a Přeloženo z angličtiny | ||
| 520 | 2 | |a Další pokračování fantasy románu z Temných říší. |b V Temných říších nastalo něco jako „mír“. Démonské hordy se stáhly a matrony matky se dohadují o osudu Drizzta Do´Urdena. Přesto jim začne být postupně jasné, že i když drowský odpadlík přichází a odchází, Pavoučí město Menzoberranzan se bude plazit donekonečna. A tak je Drizztovi dovoleno vrátit se domů na Povrch. Účty jsou vyrovnány, za což někteří zaplatili životem, jiní však žijí dál. A osamělému drowovi zbývá jediný, poslední úkol: najít mír, rodinu, domov - budoucnost. Hrdina začíná tam, kde Maestro skončil, a je spektakulárním vyústěním epického příběhu. Nakladatelská anotace. | |
| 655 | 7 | |a americké romány |7 fd131796 |2 czenas | |
| 655 | 7 | |a fantasy romány |7 fd184199 |2 czenas | |
| 655 | 9 | |a American fiction |2 eczenas | |
| 655 | 9 | |a fantasy novels |2 eczenas | |
| 700 | 1 | |a Niklová, Kateřina, |d 1979- |7 xx0038698 |4 trl | |
| 787 | 0 | 8 | |i Z cyklu: |t Forgotten Realms - Návrat domů |g 3 |
| 830 | 0 | |a Dungeons & Dragons (Fantom Print) | |
| 830 | 0 | |a Forgotten realms (Fantom Print) | |
| 900 | |a ABA001 |b 20 | ||
| 044 | |a xr | ||
| 910 | |a RBIT002 | ||
| 998 | |d 330450 |a https://core.palmknihy.cz/api/books/330450/cover?si9epr |b https://core.palmknihy.cz/api/books/330450/cover/400?si9epr |c https://core.palmknihy.cz/api/books/330450/cover/50?si9epr |e 2030-12-31 |g 368 |i 9788075940841 |j https://core.palmknihy.cz/api/books/330450/preview.epub |l |q 49 |r 1 |s https://www.palmknihy.cz/kniha/330450 |t ebook |y 2021 |z 0 |v Návrat domů |w 3 | ||
| 999 | |d 311360 | ||